| 000 | 00561 a2200181 4500 | ||
|---|---|---|---|
| 999 |
_c183479 _d183479 |
||
| 005 | 20211227113450.0 | ||
| 010 | _aENG-130664 | ||
| 020 |
_a978-93-91125-12-7 _c695.00 |
||
| 035 | _aEN-114195 | ||
| 037 | _bDBAD/PUB | ||
| 082 | _aN | ||
| 100 | _aSurendran, C.P. | ||
| 245 |
_aOne Love and The Many Lives of Osapb: _cC.P. Surendran |
||
| 260 |
_aNew Delhi _bNiyogi Books _c2021 |
||
| 270 |
_aBlock D, Building No. 77, Okhla Industrial Area, Phase-I _bNew Delhi _e110020 _mniyogibooks@gmail.com |
||
| 300 |
_a369p. _c23cm (hbk) |
||
| 942 |
_adpl _cEN _2ddc _hN _mSUR |
||